00857nam a2200205Ia 4500003000400000005001700004008004100021020001800062040002100080041000800101082001400109100003000123245006700153250002200220260003500242300002900277500004300306520026900349650003300618OSt20250421164356.0191128s2012 ck er 000 f spa d a9789587583823 aCO-JMCRcCO-JMCR aspa04aA-NbRESa1 aRestrepo, Carmen, eautor10aAlexa Neri : by la amenaza de las sombras / cCarmen Restrepo aPrimera edición aBogotá : bAlfaguara, c2012 a189 páginas ; c24 cm. aRecomendado para mayores de 14 años. aAlexa nació en NY y ahora tiene 17 años. Anthony, su padre, decide que, tras la separación de su esposa,NY no es el mejor lugar para criar a sus dos hijos. Viaja a Italia a buscar sus raíces pues sabe que allí, en la Toscana, tiene a una vieja tía suya14aNovela colombianaxsiglo XXI